000 00773nam a2200253Ia 4500
003 OSt
005 20220923214917.0
006 a|||||r|||| 00| 0
007 ta
008 220922b |||||||| |||| 00| 0 hin d
024 _a173,721
037 _cTextual
040 _aARTS
_cARTS
_bhin
041 _2hin
_ahin
082 _aO152,6M84x, H9
100 _aद्विवेदी, महावीर प्रसाद
245 0 _aरसज्ञ रन्जन
246 _aRasagna ranjana
250 _aसंस्क0 11
260 _c1949
650 _aहिन्दी साहित्य
_9156264
942 _hO152,6M84x, H9
_cTEXL
_2CC
999 _c327585
_d327585